[Event "ROM-chT"]
[Site "Mamaia"]
[Date "2019.09.27"]
[Round "7.3"]
[White "Szabo, Attila"]
[Black "Micu, Iulian"]
[Result "1/2-1/2"]
[WhiteElo "2239"]
[BlackElo "2165"]
[PlyCount "45"]
[EventDate "2019.09.21"]
[EventType "team-tourn"]
[EventRounds "9"]
[EventCountry "ROU"]
[SourceTitle "EXT 2020"]
[Source "ChessBase"]
[SourceDate "2019.10.17"]
[SourceVersion "1"]
[SourceVersionDate "2019.10.17"]
[SourceQuality "1"]
[WhiteTeam "Baia Mare Municipiului"]
[BlackTeam "Craiova Oltenia"]
[WhiteTeamCountry "ROU"]
[BlackTeamCountry "ROU"]

1. c4 Nf6 2. Nc3 g6 3. d4 Bg7 4. e4 d6 5. f3 0-0 6. Be3 e5 7. Nge2 c6 8. d5 a6 9. Nc1 cxd5 10. cxd5 Nh5 11. Qd2 f5 12. Bd3 Nd7 13. N1e2 b6 14. 0-0 f4 15. Bf2 g5 16. b4 Nhf6 17. g4 h5 18. h3 Rf7 19. Rac1 Nf8 20. Na4 hxg4 21. hxg4 Rb8 22. Rc6 Bd7 23. Bxa6 1/2-1/2

[Event "ROM-chT"]
[Site "Mamaia"]
[Date "2019.09.26"]
[Round "6.4"]
[White "Micu, Iulian"]
[Black "Itkis, Boris"]
[Result "1/2-1/2"]
[WhiteElo "2165"]
[BlackElo "2323"]
[PlyCount "105"]
[EventDate "2019.09.21"]
[EventType "team-tourn"]
[EventRounds "9"]
[EventCountry "ROU"]
[SourceTitle "EXT 2020"]
[Source "ChessBase"]
[SourceDate "2019.10.17"]
[SourceVersion "1"]
[SourceVersionDate "2019.10.17"]
[SourceQuality "1"]
[WhiteTeam "Craiova Oltenia"]
[BlackTeam "Techirghiol Victoria"]
[WhiteTeamCountry "ROU"]
[BlackTeamCountry "ROU"]

1. d4 Nf6 2. Nf3 e6 3. Bf4 c5 4. e3 b6 5. Nbd2 Bb7 6. Bd3 Be7 7. h3 cxd4 8. exd4 0-0 9. 0-0 d6 10. Re1 Nbd7 11. Qe2 a6 12. c3 Re8 13. Nc4 Qc7 14. a4 Bf8 15. Bg3 h6 16. Rac1 Bc6 17. b3 b5 18. Ncd2 Qb7 19. axb5 axb5 20. Ra1 b4 21. c4 Ra7 22. Rxa7 Qxa7 23. Bb1 Qb7 24. Qd3 g6 25. Nh4 Qa8 26. Nxg6 fxg6 27. Qxg6+ Bg7 28. Bxd6 Nf8 29. Qg3 Qb7 30. f3 Qd7 31. c5 Qf7 32. Nc4 N6d7 33. Ne5 Nxe5 34. dxe5 Bd5 35. f4 Ra8 36. Be4 Bxe4 37. Rxe4 Ra1+ 38. Kh2 Qb7 39. Qf3 Rc1 40. Re3 Qxf3 41. Rxf3 Nd7 42. Rd3 Nxc5 43. Rd4 Nxb3 44. Rxb4 Na5 45. Rb8+ Kf7 46. g4 Nc4 47. Rb7+ Kg8 48. Rc7 Rc2+ 49. Kg3 Ne3 50. Rxc2 Nxc2 51. f5 Nd4 52. Kf4 Kf7 53. h4 1/2-1/2

[Event "ROM-chT"]
[Site "Mamaia"]
[Date "2019.09.25"]
[Round "5.2"]
[White "Micu, Iulian"]
[Black "Bobocea, Laurentiu Vlad"]
[Result "1/2-1/2"]
[WhiteElo "2165"]
[BlackElo "1921"]
[PlyCount "52"]
[EventDate "2019.09.21"]
[EventType "team-tourn"]
[EventRounds "9"]
[EventCountry "ROU"]
[SourceTitle "EXT 2020"]
[Source "ChessBase"]
[SourceDate "2019.10.17"]
[SourceVersion "1"]
[SourceVersionDate "2019.10.17"]
[SourceQuality "1"]
[WhiteTeam "Craiova Oltenia"]
[BlackTeam "Cluj Napoca"]
[WhiteTeamCountry "ROU"]
[BlackTeamCountry "ROU"]

1. e4 c5 2. Nf3 d6 3. c3 Nf6 4. Bd3 Nc6 5. 0-0 g6 6. h3 Bg7 7. Re1 0-0 8. Bc2 e5 9. d4 cxd4 10. cxd4 exd4 11. Nxd4 d5 12. Nxc6 bxc6 13. e5 Nd7 14. f4 Re8 15. Nc3 Nb6 16. Na4 f6 17. exf6 Bxf6 18. Kh1 Nxa4 19. Bxa4 Bd7 20. Bc2 Qb6 21. Rf1 Qd4 22. Qf3 Bg7 23. Rb1 Bf5 24. Bxf5 gxf5 25. b4 Qe4 26. Bb2 Qxf3 1/2-1/2

[Event "ROM-chT"]
[Site "Mamaia"]
[Date "2019.09.24"]
[Round "4.5"]
[White "Ognean, Mihnea Ionut"]
[Black "Micu, Iulian"]
[Result "1/2-1/2"]
[WhiteElo "2285"]
[BlackElo "2165"]
[PlyCount "111"]
[EventDate "2019.09.21"]
[EventType "team-tourn"]
[EventRounds "9"]
[EventCountry "ROU"]
[SourceTitle "EXT 2020"]
[Source "ChessBase"]
[SourceDate "2019.10.17"]
[SourceVersion "1"]
[SourceVersionDate "2019.10.17"]
[SourceQuality "1"]
[WhiteTeam "Timisoara Vest Univ"]
[BlackTeam "Craiova Oltenia"]
[WhiteTeamCountry "ROU"]
[BlackTeamCountry "ROU"]

1. d4 d6 2. e4 Nf6 3. Nc3 e5 4. Nf3 Nbd7 5. Bc4 Be7 6. a4 0-0 7. 0-0 a5 8. h3 b6 9. Re1 Bb7 10. Qd3 Re8 11. Be3 Bf8 12. Rad1 g6 13. Bg5 h6 14. Bh4 Bg7 15. Bd5 c6 16. Ba2 Qe7 17. d5 c5 18. Nd2 g5 19. Bg3 Nh5 20. Nc4 Ba6 21. Qf3 Nf4 22. Ne3 Nf6 23. Bc4 Bc8 24. Bb5 Rd8 25. Nf5 Qf8 26. Kh2 h5 27. Bxf4 exf4 28. g3 fxg3+ 29. fxg3 g4 30. Qf4 gxh3 31. Be2 Bxf5 32. exf5 Re8 33. Bf3 Bh6 34. Qh4 Qg7 35. Bxh5 Qg5 36. Qxg5+ Bxg5 37. Bf3 Rxe1 38. Rxe1 Bd2 39. Re7 Bxc3 40. bxc3 Re8 41. Rxe8+ Nxe8 42. Kxh3 Nf6 43. c4 Kg7 44. Kh4 Kh6 45. g4 Nh7 46. Bg2 f6 47. Bf3 Ng5 48. Bg2 Nf7 49. Bf3 Ne5 50. Be2 Nd7 51. c3 Ne5 52. Kh3 Kg5 53. Kg3 Nd7 54. Bd1 Nf8 55. Bc2 Nd7 56. Bd1 1/2-1/2

[Event "ROM-chT"]
[Site "Mamaia"]
[Date "2019.09.23"]
[Round "3.1"]
[White "Marasescu, Ioan"]
[Black "Micu, Iulian"]
[Result "0-1"]
[WhiteElo "2298"]
[BlackElo "2165"]
[PlyCount "50"]
[EventDate "2019.09.21"]
[EventType "team-tourn"]
[EventRounds "9"]
[EventCountry "ROU"]
[SourceTitle "EXT 2020"]
[Source "ChessBase"]
[SourceDate "2019.10.17"]
[SourceVersion "1"]
[SourceVersionDate "2019.10.17"]
[SourceQuality "1"]
[WhiteTeam "Timisoara Medicina"]
[BlackTeam "Craiova Oltenia"]
[WhiteTeamCountry "ROU"]
[BlackTeamCountry "ROU"]

1. Nf3 Nf6 2. c4 g6 3. Nc3 Bg7 4. e4 d6 5. d4 0-0 6. Be3 e5 7. dxe5 dxe5 8. Qxd8 Rxd8 9. Nd5 Nxd5 10. cxd5 c6 11. Bc4 cxd5 12. Bxd5 Nc6 13. 0-0 Nb4 14. Bb3 Nd3 15. Ng5 Rd7 16. Nxf7 Kf8 17. Ng5 Bf6 18. Ne6+ Ke7 19. Rfd1 b5 20. Bd5 Nxb2 21. Rdb1 Rxd5 22. exd5 Bxe6 23. Rxb2 e4 24. Rxb5 Bxa1 25. Rb7+ Bd7 0-1

[Event "ROM-chT"]
[Site "Baile Govora"]
[Date "2017.11.14"]
[Round "4.2"]
[White "Micu, Iulian"]
[Black "Jianu, Vlad Cristian"]
[Result "0-1"]
[WhiteElo "2162"]
[BlackElo "2539"]
[PlyCount "74"]
[EventDate "2017.11.11"]
[EventType "team-tourn"]
[EventRounds "9"]
[EventCountry "ROU"]
[SourceTitle "CBM 181 Extra"]
[Source "ChessBase"]
[SourceDate "2017.12.12"]
[SourceVersion "1"]
[SourceVersionDate "2017.12.12"]
[SourceQuality "1"]
[WhiteTeam "Oltenia Craiova"]
[BlackTeam "Timisoara Vest Univ"]
[WhiteTeamCountry "ROU"]
[BlackTeamCountry "ROU"]

1. Nf3 g6 2. d4 Bg7 3. Bf4 Nf6 4. e3 0-0 5. h3 d6 6. Be2 Nbd7 7. 0-0 b6 8. c4 Bb7 9. Nc3 Re8 10. Qc2 e5 11. Bh2 Qe7 12. Rfd1 c6 13. b4 Rad8 14. a4 a6 15. Qb3 exd4 16. exd4 d5 17. c5 Ne4 18. Nxe4 dxe4 19. Ne1 Nf8 20. Bd6 Rxd6 21. cxd6 Qxd6 22. Nc2 Re7 23. b5 cxb5 24. axb5 a5 25. Ne3 Ne6 26. Ra4 Rd7 27. Nc2 h5 28. Qg3 Nf4 29. Bf1 Qf6 30. Ne3 Kh7 31. Rc4 Bf8 32. Nc2 Bd6 33. Qe3 Bd5 34. Rc3 h4 35. Qc1 Qg5 36. g3 a4 37. Bg2 Ne2+ 0-1

[Event "ROM-chT2"]
[Site "Mamaia"]
[Date "2015.10.10"]
[Round "8.5"]
[White "Zogorean, Petru"]
[Black "Micu, Iulian"]
[Result "1/2-1/2"]
[WhiteElo "1916"]
[BlackElo "2209"]
[PlyCount "113"]
[EventDate "2015.10.03"]
[EventType "team-tourn"]
[EventRounds "9"]
[EventCountry "ROU"]
[SourceTitle "CBM 169 Extra"]
[Source "ChessBase"]
[SourceDate "2015.12.18"]
[SourceVersion "1"]
[SourceVersionDate "2015.12.18"]
[SourceQuality "1"]
[WhiteTeam "Bistrita"]
[BlackTeam "Craiova Oltenia"]
[WhiteTeamCountry "ROU"]
[BlackTeamCountry "ROU"]

1. d4 d5 2. Nf3 Nf6 3. c4 c6 4. e3 e6 5. Bd3 dxc4 6. Bxc4 c5 7. Nc3 Nbd7 8. d5 exd5 9. Nxd5 Be7 10. 0-0 0-0 11. Nxe7+ Qxe7 12. Qc2 b6 13. b3 Bb7 14. Bb2 Ne4 15. Rad1 Rad8 16. Bd5 Ndf6 17. Bxb7 Qxb7 18. Ne5 Qc7 19. f3 Ng5 20. e4 Ne6 21. Qc4 Rxd1 22. Rxd1 Rd8 23. Rd3 Ne8 24. Rd5 Nf6 25. Rd3 Kf8 26. g3 Rxd3 27. Qxd3 Ke7 28. Nc4 Qd8 29. Bxf6+ Kxf6 30. e5+ Ke7 31. Nd6 g6 32. Qa6 Qd7 33. Qxa7 Qxa7 34. Nc8+ Kd7 35. Nxa7 Nd4 36. Kf2 Kc7 37. a4 Nxb3 38. Nb5+ Kc6 39. Ke3 c4 40. Nd6 Kd5 41. Nxf7 Nc5 42. f4 Nxa4 43. Ng5 h6 44. Nf3 b5 45. Nd4 b4 46. e6 Kd6 47. g4 b3 48. Kd2 Nb6 49. f5 gxf5 50. gxf5 Nd5 51. Nb5+ Ke5 52. Nc3 Ne7 53. Na4 Kxf5 54. Kc3 Kxe6 55. Kxc4 Kf5 56. Kxb3 Kg4 57. Kc2 1/2-1/2

[Event "ROM-chT2"]
[Site "Mamaia"]
[Date "2015.10.03"]
[Round "1.6"]
[White "Micu, Iulian"]
[Black "Iordachescu, Sorin Emanuel"]
[Result "1-0"]
[WhiteElo "2209"]
[BlackElo "1871"]
[PlyCount "49"]
[EventDate "2015.10.03"]
[EventType "team-tourn"]
[EventRounds "9"]
[EventCountry "ROU"]
[SourceTitle "CBM 169 Extra"]
[Source "ChessBase"]
[SourceDate "2015.12.18"]
[SourceVersion "1"]
[SourceVersionDate "2015.12.18"]
[SourceQuality "1"]
[WhiteTeam "Craiova Oltenia"]
[BlackTeam "Buzau Pheonix"]
[WhiteTeamCountry "ROU"]
[BlackTeamCountry "ROU"]

1. e4 e6 2. Qe2 c5 3. Nf3 Nc6 4. g3 Be7 5. Bg2 Nf6 6. 0-0 0-0 7. c3 d5 8. e5 Nd7 9. d4 Qb6 10. Be3 cxd4 11. cxd4 f6 12. exf6 Nxf6 13. Nc3 Bd7 14. Rfd1 Rac8 15. Ne5 Na5 16. Bg5 Be8 17. Rd2 h6 18. Bf4 Nc4 19. Nxc4 Rxc4 20. Nxd5 Nxd5 21. Qxc4 Nxf4 22. gxf4 Rxf4 23. Qc8 Kf7 24. Qxb7 Qa5 25. Rd3 1-0

[Event "ROM-chT2"]
[Site "Olanesti"]
[Date "2013.10.19"]
[Round "8.4"]
[White "Andreescu, Darie Ioan"]
[Black "Micu, Iulian"]
[Result "1/2-1/2"]
[WhiteElo "1945"]
[BlackElo "2215"]
[PlyCount "40"]
[EventDate "2013.10.12"]
[EventType "team-tourn"]
[EventRounds "9"]
[EventCountry "ROU"]
[SourceTitle "EXT 2014"]
[Source "ChessBase"]
[SourceDate "2013.11.20"]
[SourceVersion "1"]
[SourceVersionDate "2013.11.20"]
[SourceQuality "1"]
[WhiteTeam "Targoviste University"]
[BlackTeam "Oltenia Craiova"]
[WhiteTeamCountry "ROU"]
[BlackTeamCountry "ROU"]

1. e4 c5 2. c3 d5 3. exd5 Qxd5 4. d4 Nf6 5. Nf3 cxd4 6. cxd4 e6 7. a3 Be7 8. Nc3 Qd6 9. Bd3 0-0 10. 0-0 Nc6 11. Be3 b6 12. Qe2 Bb7 13. Rad1 Rfd8 14. Rfe1 Rac8 15. Bb1 Na5 16. Ne5 Qb8 17. Bf4 Bd6 18. Bg5 Bxe5 19. dxe5 Rxd1 20. Qxd1 Ne8 1/2-1/2

[Event "ROM-chT2"]
[Site "Olanesti"]
[Date "2013.10.14"]
[Round "3.5"]
[White "Micu, Iulian"]
[Black "Lazar, Dorin"]
[Result "1-0"]
[WhiteElo "2215"]
[BlackElo "2113"]
[PlyCount "109"]
[EventDate "2013.10.12"]
[EventType "team-tourn"]
[EventRounds "9"]
[EventCountry "ROU"]
[SourceTitle "EXT 2014"]
[Source "ChessBase"]
[SourceDate "2013.11.20"]
[SourceVersion "1"]
[SourceVersionDate "2013.11.20"]
[SourceQuality "1"]
[WhiteTeam "Oltenia Craiova"]
[BlackTeam "Timis Sinandrei"]
[WhiteTeamCountry "ROU"]
[BlackTeamCountry "ROU"]

1. d4 Nf6 2. Nf3 d6 3. Bg5 Nbd7 4. Nbd2 c6 5. e4 Qc7 6. Bd3 h6 7. Bh4 g5 8. Bg3 Nh5 9. 0-0 Bg7 10. c3 a6 11. a4 c5 12. d5 Bf6 13. Nc4 Nf4 14. Qd2 Ng6 15. a5 g4 16. Ne1 Bg5 17. Qd1 h5 18. f4 gxf3 19. Nxf3 Bf6 20. Qd2 h4 21. Bf2 Rb8 22. Ra3 Nge5 23. Nfxe5 Nxe5 24. Nxe5 Bxe5 25. Qg5 Bf6 26. Qf4 Rg8 27. Kh1 Bg4 28. h3 Be5 29. Qe3 Bh5 30. Bxh4 Kd7 31. Be2 Bxe2 32. Qxe2 Rbf8 33. b4 Rg7 34. b5 Rfg8 35. Rg1 c4 36. bxa6 bxa6 37. Bf2 Rc8 38. Bb6 Qb7 39. Rf1 e6 40. Qf3 Ke7 41. Ra4 Qd7 42. Rb4 Kf8 43. Bf2 exd5 44. exd5 Ra8 45. Rxc4 Qb5 46. Qe4 Qxa5 47. Be3 Kg8 48. Qf3 Re8 49. Rh4 Qb5 50. c4 Qd7 51. Qh5 f6 52. Bh6 Rh7 53. Rg4+ Kh8 54. Bg7+ Kg8 55. Bxf6+ 1-0

[Event "ROM-chT2"]
[Site "Olanesti"]
[Date "2013.10.12"]
[Round "1.4"]
[White "Hegedus, Iuliu"]
[Black "Micu, Iulian"]
[Result "1/2-1/2"]
[WhiteElo "2286"]
[BlackElo "2215"]
[PlyCount "82"]
[EventDate "2013.10.12"]
[EventType "team-tourn"]
[EventRounds "9"]
[EventCountry "ROU"]
[SourceTitle "EXT 2014"]
[Source "ChessBase"]
[SourceDate "2013.11.20"]
[SourceVersion "1"]
[SourceVersionDate "2013.11.20"]
[SourceQuality "1"]
[WhiteTeam "Deva"]
[BlackTeam "Oltenia Craiova"]
[WhiteTeamCountry "ROU"]
[BlackTeamCountry "ROU"]

1. e4 c5 2. Nf3 Nc6 3. Bb5 e6 4. Bxc6 bxc6 5. 0-0 Ne7 6. Re1 Ng6 7. d3 e5 8. Nbd2 Be7 9. Nf1 0-0 10. Ng3 d6 11. b3 f5 12. Nxf5 Bxf5 13. exf5 Rxf5 14. Nd2 Bg5 15. Qg4 Qf8 16. Ne4 Bxc1 17. Raxc1 Rd8 18. g3 Ne7 19. Rf1 Qf7 20. Rce1 h5 21. Qh4 Rd7 22. Ng5 Qg6 23. Nh3 Qg4 24. Re4 Qxh4 25. Rxh4 Nd5 26. a3 Rdf7 27. Re4 Nc3 28. Ree1 Nb5 29. f4 Nxa3 30. Re2 Nb5 31. Kg2 Nd4 32. Ref2 exf4 33. gxf4 Re7 34. Ng5 d5 35. Nh3 Rf8 36. Ra1 Rb8 37. Ra5 Rb5 38. Ra6 Rb6 39. Ra5 Rb5 40. Ra6 Rb6 41. Ra5 Rb5 1/2-1/2

[Event "ROM-chTA"]
[Site "Olanesti"]
[Date "2012.10.14"]
[Round "9.3"]
[White "Hegedus, Iuliu"]
[Black "Micu, Iulian"]
[Result "1/2-1/2"]
[WhiteElo "2327"]
[BlackElo "2209"]
[PlyCount "61"]
[EventDate "2012.10.06"]
[EventType "team-tourn"]
[EventRounds "9"]
[EventCountry "ROU"]
[SourceTitle "CBM 150 Extra"]
[Source "ChessBase"]
[SourceDate "2012.10.19"]
[SourceVersion "1"]
[SourceVersionDate "2012.10.19"]
[SourceQuality "1"]
[WhiteTeam "Deva"]
[BlackTeam "Craiova Oltenia"]
[WhiteTeamCountry "ROU"]
[BlackTeamCountry "ROU"]

1. e4 d6 2. d4 Nf6 3. Nc3 g6 4. Bg5 Bg7 5. Qd2 h6 6. Bh4 c6 7. f4 Na6 8. 0-0-0 Nc7 9. Nf3 d5 10. e5 Ne4 11. Qe1 Bf5 12. Bd3 Nxc3 13. Qxc3 Bxd3 14. Qxd3 Qd7 15. h3 h5 16. Bf2 0-0-0 17. Kb1 Qf5 18. Qxf5+ gxf5 19. Nh4 e6 20. g3 Bf8 21. Nf3 Be7 22. c3 Kd7 23. Rdg1 Rdg8 24. Rh2 Rh7 25. Rhg2 Ne8 26. Kc2 Rhg7 27. Kd3 b6 28. Nh2 Rh7 29. Nf3 Rhg7 30. Nh2 Rh7 31. Nf3 1/2-1/2

[Event "ROM-chTA"]
[Site "Olanesti"]
[Date "2012.10.12"]
[Round "7.3"]
[White "Thesing, Matthias"]
[Black "Micu, Iulian"]
[Result "1-0"]
[WhiteElo "2399"]
[BlackElo "2209"]
[PlyCount "81"]
[EventDate "2012.10.06"]
[EventType "team-tourn"]
[EventRounds "9"]
[EventCountry "ROU"]
[SourceTitle "CBM 150 Extra"]
[Source "ChessBase"]
[SourceDate "2012.10.19"]
[SourceVersion "1"]
[SourceVersionDate "2012.10.19"]
[SourceQuality "1"]
[WhiteTeam "Resita Muncitorul"]
[BlackTeam "Craiova Oltenia"]
[WhiteTeamCountry "ROU"]
[BlackTeamCountry "ROU"]

1. e4 g6 2. d4 Bg7 3. Nc3 d6 4. Be3 a6 5. Qd2 b5 6. h4 Bb7 7. h5 e6 8. f3 Nd7 9. a4 bxa4 10. Nxa4 Ne7 11. Bd3 Nb6 12. Ne2 Qd7 13. Qa5 Qd8 14. Qd2 Qd7 15. b3 Nc6 16. Kf2 Nxa4 17. Rxa4 f5 18. hxg6 hxg6 19. Rxh8+ Bxh8 20. Nf4 g5 21. Nxe6 f4 22. d5 fxe3+ 23. Qxe3 Nd8 24. Nxg5 Bf6 25. e5 dxe5 26. Bg6+ Kf8 27. Nh7+ Ke7 28. Rg4 Qxd5 29. Nxf6 Kxf6 30. Qg5+ Ke6 31. Rc4 Kd6 32. Be4 Qe6 33. Qd2+ Bd5 34. Ra4 Ke7 35. Bxd5 Qb6+ 36. Kf1 Nc6 37. Qg5+ Kd6 38. Bxc6 Qxc6 39. Qf6+ Kd7 40. Qxe5 Qxc2 41. Qe4 1-0

[Event "ROM-chTA"]
[Site "Olanesti"]
[Date "2012.10.09"]
[Round "4.3"]
[White "Zamfirescu, Bogdan"]
[Black "Micu, Iulian"]
[Result "0-1"]
[WhiteElo "2108"]
[BlackElo "2209"]
[PlyCount "112"]
[EventDate "2012.10.06"]
[EventType "team-tourn"]
[EventRounds "9"]
[EventCountry "ROU"]
[SourceTitle "CBM 150 Extra"]
[Source "ChessBase"]
[SourceDate "2012.10.19"]
[SourceVersion "1"]
[SourceVersionDate "2012.10.19"]
[SourceQuality "1"]
[WhiteTeam "Giurgiu"]
[BlackTeam "Craiova Oltenia"]
[WhiteTeamCountry "ROU"]
[BlackTeamCountry "ROU"]

1. Nf3 d6 2. d4 Nd7 3. c4 e5 4. Nc3 Ngf6 5. e4 Be7 6. Be2 0-0 7. 0-0 c6 8. Qc2 Qc7 9. h3 a6 10. Be3 b6 11. Rab1 Bb7 12. b4 Rfe8 13. Rfd1 Bf8 14. dxe5 dxe5 15. a3 a5 16. Nd2 axb4 17. axb4 Ra3 18. Rb3 Rxb3 19. Qxb3 Ra8 20. Rb1 Be7 21. Kh2 Bc8 22. Rb2 Nf8 23. c5 b5 24. Nf3 Be6 25. Qc2 h6 26. g3 Ng6 27. Rb1 Ra3 28. Bc1 Ra8 29. Bb2 Nh7 30. Ra1 Rxa1 31. Bxa1 Qd7 32. Bf1 Ng5 33. Nxg5 Bxg5 34. Qd3 Bxh3 35. Be2 Qxd3 36. Bxd3 Bd7 37. Ne2 h5 38. Bc3 h4 39. gxh4 Nxh4 40. Kg3 Ng6 41. Bb2 Nf4 42. Nxf4 Bxf4+ 43. Kf3 Bd2 44. Ba3 Bc3 45. Ke3 Be6 46. f3 Kf8 47. Bc2 Ke7 48. Bd1 g6 49. Kd3 Bd4 50. Bc1 Bc4+ 51. Kc2 f5 52. exf5 gxf5 53. Bg5+ Ke6 54. Kd2 Bd5 55. Ke2 Bc3 56. Bd2 Bxf3+ 0-1